000 00536nam a2200193Ia 4500
003 OSt
005 20250218113746.0
008 210210b1938 xxu||||| |||| 00| 0 eng d
040 _cAL
041 _ahin
082 _a862/58
100 _aJAMBUNATHAN (M V)
_9200627
110 _bजाम्बुनाथा एम वी
_9200628
245 _aHindi Sikshan vidhan;
_bहिंदी शिक्षण विदान
260 _aBangaLUr
_b-
_c1938
690 _aHindi Prose
_9200632
906 _a023304
942 _2ddc
_cBK
999 _c148264
_d148264